000 00174 a2200097 4500
001 3616
100 _aCragge, K
245 _a
260 _a
_bHeath
_c
090 _c2880
_d2880
942 _aNUST-CAE
_cM
_c20891
999 _c238689
_d238689